000 00297nam a2200097Ia 4500
001 641634
005 20250826153511.0
008 250824s9999 xx 000 0 und d
245 0 _aŞİRİN KENDİMİ DURDURAMIYORUM 1 GİZEMLİ KÜPENİN PEŞİNMDEYİZ
_cBİRSEN EKİM ÖZEN
260 _bTİMAŞ ÇOCUK
999 _c641634
_d641634